| 000 | 00000nam##2200000za#4500 |
| 001 | 9.615188 |
| 003 | CaOODSP |
| 005 | 20211126112847 |
| 007 | ta |
| 008 | 150406|2000||||xxc||||| f|0| 0 eng|d |
| 020 | |a0-662-28959-5 |
| 022 | |a1192-5434 |
| 040 | |aCaOODSP|beng |
| 043 | |an-cn--- |
| 086 | 1 |aFB3-2/100-8E |
| 110 | 2 |aBank of Canada. |
| 245 | 10|aTesting the pricing-to-market hypothesis : |bcase of the transportation equipment industry / |cby Lynda Khalaf and Maral Kichian. |
| 260 | |aOttawa - Ontario : |bBank of Canada |c2000. |
| 300 | |avi, 26p. : |breferences, tables ; |c28 cm. |
| 490 | 1 |aWorking paper|x1192-5434|v2000-8 |
| 500 | |a"This paper is concerned with the application of a size-correct test, which is immune to poor instruments, to a partial-equilibrium model of pricing-to-market (PTM). Pricing-to-market theory was advanced by Krugman (1987) as a possible explanation for the empirical observation that important movements in the bilateral nominal exchange rate between two countries that trade are not necessarily fully reflected in the price of imports."--Introduction. |
| 520 | 3 |aThis paper is concerned with the application of a size-correct test, which is immune to poor instruments, to a partial-equilibrium model of pricing-to-market (PTM). Pricing-to-market theory was advanced by Krugman (1987) as a possible explanation for the empirical observation that important movements in the bilateral nominal exchange rate between two countries that trade are not necessarily fully reflected in the price of imports.--Introduction |
| 546 | |aRésumés en français |
| 563 | |aSoftcover |
| 590 | |a00-22|b2000-06-22 |
| 690 | 07|aExchange rates|2gcpds |
| 690 | 07|aImports|2gcpds |
| 690 | 07|aExports|2gcpds |
| 690 | 07|aPrices|2gcpds |
| 720 | 1 |aKichian, Maral |
| 720 | 1 |aKhalaf, Lynda |
| 776 | 0#|tTesting the pricing-to-market hypothesis : |w(CaOODSP)9.571564 |
| 830 | #0|aWorking paper,|x1192-5434|v2000-8|w(CaOODSP)9.514622 |